| 000 | 01237nam a22003017a 4500 | ||
|---|---|---|---|
| 001 | 4780 | ||
| 003 | FISKH | ||
| 005 | 20241010141730.0 | ||
| 008 | 241010b cb ||||| |||| 00| 0 eng d | ||
| 020 | _a9781405271950 | ||
| 040 |
_aFISKH _beng _cFISKH _dFISKH |
||
| 050 | _aPE1119 | ||
| 082 | _a823.914 | ||
| 100 |
_aTomlinson, Jill _d(1931-1976) |
||
| 245 |
_aThe gorilla who wanted to grow up / _cJill Tomlinson Pictures by Paul Howard |
||
| 250 | _aFirst published in 2014 | ||
| 260 |
_aLondon : _bEgmont, _c1977. |
||
| 300 |
_a97 pages : _billustrations ; _c20 cm. |
||
| 505 | _aP | ||
| 520 | _aThe tale of a young, mischievous gorilla who can't wait to grow up Pongo is a young gorilla who lives in the mountains of Africa. He has long glossy black hair and a black shiny nose. But Pongo can't wait to grow up, when he will have a silver back like his father's and a big chest that he can thump. With gentle humor and comfort, this tale reveals how Pongo learns that growing up isn't just about chest-thumping. | ||
| 521 | 8 |
_a620L
_bLexile |
|
| 521 | 8 |
_aP
_bRaz-Plus |
|
| 650 |
_2Fiction _aGorillas |
||
| 650 |
_2Children's _aPrimary |
||
| 700 |
_aHoward, Paul _dIllustrator |
||
| 942 |
_2ddc _cBK _n0 |
||
| 999 |
_c4780 _d4780 |
||